000 00433nam a22001577a 4500
003 GBCCL
005 20251203122508.0
008 180921b ||||| |||| 00| 0 eng d
040 _cGBC
082 _aVER 225.5954
_bPAI 1
245 _aI Hondampa leh Toupa Jesu Kris Thukhun thak
260 _aBangalore :
_bthe Bible society of India,
_c1977
300 _a307p. ;
650 _aBible
_vNew Testament
_xPaite
_912313
942 _2ddc
_cREF
999 _c7787
_d7787